| 000 | 00404nam a2200169Ia 4500 | ||
|---|---|---|---|
| 008 | 230711s9999||||xx |||||||||||||| ||und|| | ||
| 020 | _a978-88-910-1298-2 | ||
| 041 | _aENG | ||
| 082 |
_a720 _bKO-F |
||
| 100 | _aKoolhaas,Rem | ||
| 245 | 0 |
_aElements of Architecture _bFLOOR |
|
| 250 | _a1st . . Ed. | ||
| 260 |
_c2014 _aKorea _bMarsilio Venezia |
||
| 300 | _a88 | ||
| 650 | _aArchitecture | ||
| 942 | _cBK | ||
| 999 |
_c5680 _d5680 |
||